000 00292nam a22001337a 4500
008 170926b xxu||||| |||| 00| 0 eng d
020 _a9780979305047
041 _aeng
080 _a37
100 _a46
101 _aEDU
245 _a10 ACTUAL OFFICIAL LSAT
_cSMITH.K
942 _2udc
_cBK
999 _c30034
_d30034